000 00907nam a2200289Ia 4500
003 OSt
005 20221007121053.0
006 a|||||r|||| 00| 0
007 ta
008 221006b |||||||| |||| 00| 0 eng d
020 _a1933699191 (hbd)
024 _a115160
037 _b547, 25/11/2010, Prashant Book Agency
_cTextbook
040 _aBDL
_cBDL
_beng
041 _2eng
_aeng
082 _aJ6, Q0.29 Carb
100 _aGovil J N
_9710597
245 0 _aRecent progress in medicinal plants
_b Singh V K
260 _aUSA
_bStudium Press
_c2010
490 _vV.29.
500 _aIncludes bibliographical references.; Index 431-439p.
650 _a Medicinal plants
_9710598
650 _aBotany
700 _a Singh V K
_9422908
942 _hJ6, Q0.29 Carb
_cTB
_2CC
999 _c1208411
_d1208411